000 00217 a2200097 4500
001 41127
100 _aHart B H C
245 _aDeterrent or defence
260 _aLondon
_bStevens & Sons (T)
_c
090 _c25353
_d25353
942 _aNUST-CAE
_cM
_c17062
999 _c276200
_d276200